000 00291nam a22001337a 4500
008 170201b xxu||||| |||| 00| 0 eng d
020 _a9780781753401
041 _aeng
080 _25TH
_a618.2
100 _a2
101 _aINF
245 _aHEALTH ASSESSMENT
_cWEBER, J.A
942 _2udc
_cBK
999 _c4207
_d4207